India-Australia relations in the Asian century : (Record no. 104564)

MARC details
000 -LEADER
fixed length control field 00768nam a22002177a 4500
005 - DATE AND TIME OF LATEST TRANSACTION
control field 20161110111819.0
010 ## - LCCN (DPL NO)
LC control number ENG-116505
020 ## - INTERNATIONAL STANDARD BOOK NUMBER
International Standard Book Number 9789350980378
Terms of availability 795.00
035 ## - SYSTEM CONTROL NUMBER
System control number EN-100037
037 ## - SOURCE OF ACQUISITION
Source of stock number/acquisition DBAD/PUB
082 ## - DEWEY DECIMAL CLASSIFICATION NUMBER
Classification number 327.54094
245 ## - TITLE STATEMENT
Title India-Australia relations in the Asian century :
Statement of responsibility, etc edited by Amitabh Mattoo [and] Mallika Joseph
Remainder of title Perspectives from India and Australia /
260 ## - PUBLICATION, DISTRIBUTION, ETC. (IMPRINT)
Place of publication, distribution, etc New Delhi
Name of publisher, distributor, etc Manohar Publisher & Distributors
Date of publication, distribution, etc 2013
270 ## - ADDRESS
Address 4753/23 Ansari Road,Daryaganj
City New Delhi
Postal code 110002
300 ## - PHYSICAL DESCRIPTION
Extent 190p.
Dimensions 22cm (Hb)
490 ## - SERIES STATEMENT
Series statement Australia India Institue foreign policy serise-2
500 ## - GENERAL NOTE
General note Includes index
700 ## - ADDED ENTRY--PERSONAL NAME
Personal name Mattoo, Amitabh
700 ## - ADDED ENTRY--PERSONAL NAME
Personal name Joseph,Mallika
942 ## - ADDED ENTRY ELEMENTS (KOHA)
Source of classification or shelving scheme Dewey Decimal Classification
Item type English Books
Classification part 327.54094
Call number suffix RIS
Holdings
Withdrawn status Lost status Not for loan Collection code Home library Current library Date acquired Source of acquisition Cost, normal purchase price Full call number Barcode Copy number Cost, replacement price Koha item type
      Non-fiction Shahdara Branch Shahdara Branch 10/11/2016 DBAD/PUB 795.00 327.54094 RIS EN-100037 1 795.00 English Books

© Delhi Public Library
Hit Counter
free hit counter